Record Details
Back To Results
Showing Item 3 of 44

key Words With Peter And Jane:Let Me Write(3c)

W.Murray (Author).

Record details

  • ISBN: 9781409301196
  • Physical Description: Hardcover
  • Publisher: London Ladybird Books
Subject: Children--Books and reading

Available copies

  • 20 of 20 copies available at Headquarters.
Location Call Number / Copy Notes Barcode Shelving Location Status Due Date
Airport Children Library 201 J428/MUR 000001287158 400 - Languages, Grammar, Dictionaries, Thesaurus Available -
Airport Children Library 201 J428/MUR 000001287288 400 - Languages, Grammar, Dictionaries, Thesaurus Available -
Airport Children Library 201 J428/MUR 000001292558 400 - Languages, Grammar, Dictionaries, Thesaurus Available -
Airport Children Library 201 J428/MUR 000001292565 400 - Languages, Grammar, Dictionaries, Thesaurus Available -
Airport Children Library 201 J428/MUR 000001292572 400 - Languages, Grammar, Dictionaries, Thesaurus Available -
Airport Children Library 201 J428/MUR 000001292589 400 - Languages, Grammar, Dictionaries, Thesaurus Available -
Airport Children Library 201 J428/MUR 000001292596 400 - Languages, Grammar, Dictionaries, Thesaurus Available -
Airport Children Library 201 J428/MUR 000001292602 400 - Languages, Grammar, Dictionaries, Thesaurus Available -
Airport Children Library 201 J428/MUR 000001292619 400 - Languages, Grammar, Dictionaries, Thesaurus Available -
Airport Children Library 201 J428/MUR 000001292732 400 - Languages, Grammar, Dictionaries, Thesaurus Available -

No reviews or recommendations are currently available.

Loading shelf browser…

LDR 00620cam a2200205Ka 4500
00177955
003HQ
00520210330100714.0
008070101s xxka ar 0 eng d
020 . ‡a9781409301196
037 . ‡aSSNIT
082 . ‡aJ428/MUR
100 . ‡aW.Murray
245 . ‡akey Words With Peter And Jane:Let Me Write(3c)
260 . ‡aLondon ‡bLadybird Books
300 . ‡aHardcover
650 . ‡aChildren--Books and reading
901 . ‡a77955 ‡bAUTOGEN ‡c77955 ‡tbiblio
Back To Results
Showing Item 3 of 44

Session Timeout

Your session will expire in minutes and seconds.

If you need more time, please click "Continue Session."

Session Ended

Your session has ended. Redirecting to the home page...